000 00832cam a2200241 a 4500
001 11939404
005 20180104072955.0
008 000313s2000 dcua b 001 0 eng
010 _a 00029758
020 _a1568024827 (h)
040 _aDLC
_cDLC
_dDLC
041 _aeng
043 _an-us---
080 _a347.73260264 MAU
082 0 0 _a347.73260264 MAU
_221
100 1 _a14
101 _aJUR
245 1 0 _aIllustrated great decisions of the Supreme Court /
_cby Tony Mauro.
504 _aIncludes bibliographical references (p. [275]-277) and index.
906 _a7
_bcbc
_corignew
_d1
_eocip
_f20
_gy-gencatlg
942 _2ddc
_cBK
999 _c39721
_d39721